Amaranth (nightwish) - lyrics - Statistics

General Stats
  • This quiz has been taken 12 times
  • The average score is 117 of 169
Answer Stats
Answer % Correct
a
100%
The
100%
the
100%
amaranth
89%
day
89%
he
89%
heart
89%
In
89%
in
89%
one
89%
You
89%
you
89%
for
78%
name
78%
of
78%
perfect
78%
with
78%
your
78%
Alone
67%
alone
67%
believe
67%
by
67%
do
67%
hiding
67%
land
67%
rain
67%
sorrow
67%
what
67%
without
67%
and
56%
but
56%
Caress
56%
daybreak
56%
fading
56%
from
56%
give
56%
him
56%
never
56%
reach
56%
Reaching,
56%
see
56%
something
56%
to
56%
untouched
56%
War
56%
white
56%
Baptized
44%
between
44%
can
44%
himself
44%
receive
44%
snow
44%
time
44%
we
44%
Apart
33%
blame
33%
brief
33%
calling
33%
dare
33%
end
33%
flight
33%
Hearing
33%
little
33%
Need
33%
ones
33%
searching
33%
someone
33%
tears
33%
this
33%
voices
33%
wandering
33%
doubting
22%
pack
22%
whoever
22%
No matching quizzes found
Score Distribution
Percent of People with Each Score
Percentile by Number Answered
Your Score History
You have not taken this quiz